| 000 | 00888nam a22002414a 4500 | ||
|---|---|---|---|
| 005 | 20070515134620.0 | ||
| 008 | 050511s2005 enka b 000 0 eng | ||
| 010 | _aENG-92426 | ||
| 020 |
_a9780070660311 _c175.00 |
||
| 020 |
_a007066031X _c175.00 |
||
| 035 | _aEN-75959 | ||
| 037 | _bDBAD / PUB | ||
| 040 |
_adpl _bEnglish |
||
| 082 | _a301.03 | ||
| 100 | _aSubberwal, Ranjana | ||
| 245 |
_aA dictionary of sociology / _cby Ranjana Subberwal |
||
| 260 |
_aNew Delhi _bTata McGraw-Hill Publishing _c2009 |
||
| 300 |
_aVarious pagings: _bill. _c24 cm (pbk) |
||
| 490 | _aTata McGraw-Hill winning edge series | ||
| 650 |
_aSociology _vDictionaries. |
||
| 942 |
_2ddc _cEN _h301.03 _mSUB |
||
| 999 |
_c20785 _d20785 |
||